স্মৃতিময় এস এম হল: (Record no. 26524)

MARC details
000 -LEADER
fixed length control field 01000nam a22002057a 4500
003 - CONTROL NUMBER IDENTIFIER
control field BDDh-ASL
005 - DATE AND TIME OF LATEST TRANSACTION
control field 20231015030644.0
008 - FIXED-LENGTH DATA ELEMENTS--GENERAL INFORMATION
fixed length control field 201108s2003 b ||||| |||| 00| 0 b d
040 ## - CATALOGING SOURCE
Original cataloging agency BDDh-ASL
Transcribing agency BDDh-ASL
041 ## - LANGUAGE CODE
Language code of text/sound track or separate title ben
082 ## - DEWEY DECIMAL CLASSIFICATION NUMBER
Classification number 923.79144
Item number SMR
245 00 - TITLE STATEMENT
Title স্মৃতিময় এস এম হল:
Remainder of title সলিমুল্লাহ হল প্রাক্তন ছাত্র সমিতি পুনর্মিলনী ২০০৩ স্মরণিকা /
246 ## - VARYING FORM OF TITLE
Title proper/short title Smritimoy S. M. Hall
260 ## - PUBLICATION, DISTRIBUTION, ETC.
Place of publication, distribution, etc. ঢাকা:
Name of publisher, distributor, etc. স্যুভেনির প্রকাশনা কমিটি,
Date of publication, distribution, etc. ২০০৩।
300 ## - PHYSICAL DESCRIPTION
Extent ৭১৩ পৃষ্ঠা, :
Dimensions ২২ সে. মি.
650 #0 - SUBJECT ADDED ENTRY--TOPICAL TERM
9 (RLIN) 1697
Topical term or geographic name entry element জীবনী
650 #0 - SUBJECT ADDED ENTRY--TOPICAL TERM
9 (RLIN) 4962
Topical term or geographic name entry element Memoirs (স্মরণিকা)
General subdivision সলিমুল্লাহ হল (ঢাকা বিশ্ববিদ্যালয়)
700 1# - ADDED ENTRY--PERSONAL NAME
9 (RLIN) 4961
Personal name আহমেদ, রকীব উদ্দীন
942 ## - ADDED ENTRY ELEMENTS (KOHA)
Source of classification or shelving scheme Dewey Decimal Classification
Koha item type Books
Holdings
Withdrawn status Lost status Source of classification or shelving scheme Damaged status Not for loan Collection code Home library Current library Shelving location Date acquired Source of acquisition Total Checkouts Full call number Barcode Date last seen Copy number Price effective from Koha item type
    Dewey Decimal Classification     Non-fiction Asiatic Society Library Asiatic Society Library General Stacks 10/13/2021 Donated by Prof. (Dr.) M. Abdul Qayyum & Dr. Razia Sultana   923.79144 SMR 112562 10/13/2021 C-1 10/13/2021 Books

Powered by Koha